| 000 | 00712nam a2200217Ia 4500 | ||
|---|---|---|---|
| 999 |
_c35738 _d35738 |
||
| 001 | 1616 | ||
| 003 | GE_BSU | ||
| 005 | 20210517133521.0 | ||
| 008 | 181216s2008||||ru |||||||||||||| ||rus|| | ||
| 020 | _a9785947748963 | ||
| 040 | _cGE_BSU | ||
| 041 | _arus | ||
| 080 | _a621.398(075.8) Б-49 | ||
| 100 |
_aБерлин, А.Н. _911811 |
||
| 245 |
_aТелекоммуникационные сети и устроиства : _bУчебное пособие / _cА.Н. Берлин. |
||
| 264 |
_aМ.: _c2008. |
||
| 300 |
_a319 стр. _bилл. |
||
| 653 | _aТелекомvуникационые сети и устроиства | ||
| 653 | _aტელეკომუნიკაცია | ||
| 942 |
_cBK _2udc |
||